Famous People with East Asian Names - Statistics

General Stats
  • This quiz has been taken 21 times
  • The average score is 8 of 15
Answer Stats
Hint Answer % Correct
The above's son, who succeeded him in 1994 Kim {Jong Il}
94%
Artist and musician who was famously married to John Lennon {Yōko} Ono
89%
And the above's son, North Korea's leader since 2011 Kim {Jong Un}
83%
The first Japanese tennis player to win a major singles title {Naomi} Osaka
83%
Prime Minister of Japan who was assassinated in 2022 Abe {Shinzo}
78%
President of China since 2013 Xi {Jinping}
72%
The first Supreme Leader of North Korea Kim {Il Sung}
67%
The Republic of China's longest-serving leader Chiang {Kai-Shek}
61%
Japanese filmmaker known for 1954's "Seven Samurai" Kurosawa {Akira}
44%
Japanese animator who co-founded Studio Ghibli Miyazaki {Hayao}
28%
First provisional president of the Republic of China (ROC) Sun {Yat-Sen}
28%
Filmmaker who has won three Academy Awards Bong {Joon Ho}
22%
Singer and songwriter of the Kpop group BTS Jeon {Jung-kook}
11%
Singer and songwriter of the Kpop group Blackpink Kim {Ji-soo}
11%
First Prime Minister of Singapore from 1959 to 1990 Lee {Kuan Yew}
11%
No matching quizzes found
Score Distribution
Percent of People with Each Score
Percentile by Number Answered
Your Score History
You have not taken this quiz